| 000 | 00491nam a2200193 a 4500 | ||
|---|---|---|---|
| 001 | 19353 | ||
| 003 | CO-ViMGA | ||
| 008 | 141112s2004 ck r 000 u spa d | ||
| 020 | _a8475100430 | ||
| 040 |
_aCO-ViMGA _bspa _cCO-ViMGA |
||
| 082 | _aGOSs | ||
| 100 | 1 |
_aGoscinny, _93255 |
|
| 245 | 1 | 0 | _aEl escudo arverno |
| 260 |
_aBarcelona : _bGrijalbo / Dargaud; 1996 |
||
| 300 | _a48 p. | ||
| 490 | _aUna aventura de Asterix | ||
| 650 | 1 | 4 | _aCUENTOS INFANTILES DE AVENTURAS |
| 942 |
_2ddc _cBK |
||
| 999 |
_c10889 _d10889 |
||